| 000 | 00532nam a2200181 a 4500 | ||
|---|---|---|---|
| 005 | 20230921063655.0 | ||
| 008 | 991125s1981 cl 000 0 spa u | ||
| 035 | _aUPN01000012345 | ||
| 049 | _aCG | ||
| 050 | 4 |
_aPQ8179 G67 _bC67 |
|
| 100 | 1 |
_aGarcía Márquez, Gabriel, _d1928-2014 |
|
| 245 | 1 | 0 |
_aCrónica de una muerte anunciada / _cGabriel García Márquez. |
| 260 |
_aBogotá : _bLa Oveja Negra, _c1981. |
||
| 300 | _a160 p. | ||
| 650 | 4 |
_aLiteratura colombiana _912879 |
|
| 650 | 0 |
_aNovela colombiana _95359 |
|
| 905 | _aLibro | ||
| 999 |
_c12345 _d12345 |
||